000 00541nam a2200193Ia 4500
003 GCL
008 140319s9999 xx 000 0 eng d
040 _aGCL /
_cGCL
082 0 4 _aC H
_b912
_bO P
100 1 _aOGLIVIE, BRUCE
245 1 0 _aPicture Atlas of the World /
_cOGLIVIE, BRUCE
700 1 _aWAIHEY, DAUGLAS
260 _a[S.N] :
_bRAND MC NALLY & COMPANY ،
_c1979
300 _a96 P
650 0 4 _aZOOGEOGRAPH
650 0 4 _aPICTURE - BOOKS FOR CHILDREN
650 0 4 _aCHILDREN - ENCYCLOPEDIAS AND DICTIONARY
942 _2ddc
_cBK
999 _c17154
_d17154